FC 24 TOTW 26 - Statistics

General Stats
  • This quiz has been taken 7 times
  • The average score is 3 of 18
Answer Stats
rat pos club player % Correct
TOTW 93 ST Bayern Munich Harry Kane
100%
TOTW 88 ST Marseille Pierre-Emerick Aubameyang
50%
TOTW 87 GK Manchester United André Onana
25%
TOTW 87 RB Arsenal Ben White
25%
TOTW 87 ST Cádiz Juanmi
25%
TOTW 89 CM Real Madrid Luka Modrić
25%
TOTW 88 CAM Eintracht Frankfurt Mario Götze
25%
TOTW 88 LW FC Barcelona Salma Paralluelo
25%
TOTW 87 CB Inter Milan Yann Aurel Bisseck
25%
TOTW 87 LB Le Havre Christopher Opéri
0%
TOTW 85 ST Coventry City Ellis Simms
0%
TOTW 85 ST Atlanta United Giorgos Giakoumakis
0%
TOTW 85 CB Anderlecht Jan Vertonghen
0%
TOTW 85 CM Galatasaray Kerem Demirbay
0%
TOTW 85 CAM Ulsan Hyundai Lee Dong Kyeong
0%
TOTW 85 LM Elversberg Paul Stock
0%
TOTW 87 RM Bayern Frauen Pernille Harder
0%
TOTW 85 CAM Atalanta Teun Koopmeiners
0%
No matching quizzes found
Score Distribution
Percent of People with Each Score
Percentile by Number Answered
Your Score History
You have not taken this quiz